|
|
|
|
| LEADER |
00619nam a2200157 i 4500 |
| 001 |
misc45980 |
| 005 |
20200131125817.0 |
| 008 |
200131s1707 hu o 0|| fre d |
| 040 |
|
|
|a SZTE Miscellanea Repozitórium
|b hun
|
| 041 |
|
|
|a fre
|
| 245 |
0 |
0 |
|a Histoire de prince Ragotzi, ou la guerre des mecontens sous son commandement
|h [elektronikus dokumentum]
|
| 260 |
|
|
|a François Lancelot
|b [Kassa] A Cassovie
|c 1707
|
| 300 |
|
|
|a [14], 346 p.
|c 12o
|
| 561 |
|
|
|a Muzeális dokumentumok
|
| 695 |
|
|
|a Történelem - Magyarország - 18. sz., II. Rákóczi Ferenc
|
| 856 |
4 |
0 |
|u http://misc.bibl.u-szeged.hu/45980/1/ra_363.pdf
|z Dokumentum-elérés
|